Can educational policy equalize income distribution in Latin America?

Guardado en:
Detalles Bibliográficos
Autor principal: Carnoy, Martín (autor)
Formato: Libro
Idioma:Inglés
Temas:
Etiquetas: Agrega una etiqueta
Sin etiquetas, Sé el primero en etiquetar este registro!

MARC

LEADER 00000nam^a2200000^u^4500
001 000505763
005 20250521000000.0
008 081212s1000^^^^^^^^^^^^r^^^^^000^0^spa^d
009 20260310125942.328
035 |a FCE 000049968 
037 |a Acervo ITESO - Biblioteca 
041 |a eng 
082 0 4 |a 379.2  |b CARc 
100 |a Carnoy, Martín  |e (autor) 
245 1 0 |a Can educational policy equalize income distribution in Latin America? 
264 |a California:  |b Center for Economic Studies,  |c 1975. 
300 |a 100 p. 
336 |a texto  |b txt  |2 rdacontenido 
337 |a sin mediación  |b n  |2 rdamedio 
338 |a volumen  |b nc  |2 rdasoporte 
649 |a XX 
650 |a Distribución del ingreso 
650 |a Instituciones 
650 |a Modelos 
650 |a Mercado laboral 
650 |a Políticas educativas 
650 |a América Latina 
910 |a Fondo Centro de Estudios Educativos 
920 |a Impresos - Libros 
930 |a Fondos Especiales 
905 |a 133 
901 |a ALE065913  |b IT2  |c CEE  |u 20250521 
902 |a https://opac.biblio.iteso.mx/vufind/Record/000505763